Science Quiz

Random Science or Chemistry Quiz

ABC Chemistry Quiz Stats

 Plays Quiz not verified by Sporcle

Challenge
Share
Tweet
Embed
Score 0/26 Timer 05:00
0 Plays Today
Letter Answer % Correct
K. Make sure your temperature is in this unit when using PV=nRT!Kelvin
89.7%
U. Element with 92 protonsUranium
82.8%
E. Quantity addressed by the second law of thermodynamics. Always increasing.Entropy
79.3%
J. Unit of enthalpy of a reactionJoule
72.4%
V. Electron available for bondingValence Electron
69%
X. Noble gas with atomic mass of 131.29 g/molXenon
69%
A. Law that states that the molecular weights of two gases are proportional to the masses of the two gases at the same volume.Avogadro's Law
65.5%
'P. Instrument used to transfer a specific volume of liquidPipette
65.5%
S. Substance in which another substance is dissolved or suspendedSolvent
65.5%
W. The namesake for tungsten's element symbol. (Hint: There is also a really popular math website with this name.)Wolfram
62.1%
D. Radioactive process by which an unstable nucleus releases ionizing energyDecay
58.6%
L. Common name for CaOHLime
58.6%
O. Region around an atom or molecule where electrons can be foundOrbital
58.6%
Letter Answer % Correct
R. Term for the gaining of electrons in a reactionReduction
55.2%
C. A suspension of microscopic, insoluble particlesColloid
48.3%
B. Instrument with a valve on one end for titration.Buret
44.8%
G. Positive if a reaction is non-spontaneous. Negative if a reaction is spontaneous.Gibb's Free Energy
44.8%
F. Type of reaction where the plot of natural log of the reactant concentration vs. time is linear.First Order Reaction
41.4%
Q. The letter 'Q' often represents this quantity with coulombs as unitsCharge
41.4%
M. Way of defining a solution by the quotient of the moles of solute and mass of solventMolality
37.9%
T. Measure of the amount of kinetic energy in a systemTemperature
34.5%
H. Equation relating the pH of weak acid/stong base solution to the pKa+log([conjugate base]/[acid])Henderson-Hasselbalch
27.6%
Z. 'Z' is the symbol for this valueAtomic Number
27.6%
Y. Metric prefix meaning 10^24Yotta
24.1%
N. Characteristic of the chemical reaction that occurs in an electrolytic cell Non-Spontaneous
17.2%
I. Complex ion that turns a solution blood-redIron thiocyanate
6.9%

You're not logged in!

Compare scores with friends on all Sporcle quizzes.
OR
Log In

You Might Also Like...

Show Comments

Extras

Top Quizzes Today


Score Distribution

Your Account Isn't Verified!

In order to create a playlist on Sporcle, you need to verify the email address you used during registration. Go to your Sporcle Settings to finish the process.

Report this User

Report this user for behavior that violates our Community Guidelines.

Details: